00610 a2200181 4500003000400000005001700004008004100021020001800062040000900080082001700089100003200106245004500138260004900183300001200232942004000244952012700284999001700411OSt20251113153932.0231018b |||||||| |||| 00| 0 eng d a9789953764314 coclc a892.7bHUS/S aHussain, A. D. Qassi910495 aSOCIOLOGIYA AL ADAB /cA D Qassi Hussain aLabnon:bDav va Makthabathu Al hilal,c2009. a416p. ; 2ddccBKh892.7k892.7iHUS/SmHUS/S 00102ddc40708LITaMESbMEScARBd2023-10-18l0o892.7 HUS/Sp42901r2023-10-18 15:58:57v850.00w2023-10-18yBKzGR4R5 c42666d42666